50-ти річчя трагічного голоду в Україні (Запис № 580271)

МАРК-запис
000 -Лідер
fixed length control field 00746 a2200217 4500
003 - Ідентифікатор контрольного номера
control field UA-OsUOA
005 - Дата та час останнього входження (трансакції)
control field 20260402204634.0
008 - Елементи даних фіксованої довжини – загальна інформація
fixed length control field 260327b un ||||| |||| 00| 0 ukr d
040 ## - Джерело каталогізації
Агенція оригінальної каталогізації UA-OsUOA
Мова каталогізації ukr
Агенція, яка здійснювала перезапис UA-OsUOA
Агенція, яка здійснювала модифікацію UA-OsUOA
041 ## - Код мови
Код мови тексту/ звукової доріжки чи окремого заголовка (П) ukr
080 ## - Індекс Універсальної десяткової класифікації
Індекс Універсальної десяткової класифікації (УДК) (НП) 94(477).075
090 ## - Локальний шифр розміщення
Класифікаційний індекс УДК 94(477).075
Авторський знак (НП) Х34
100 ## - Основне введення – ім’я особи
Ім’я особи (НП) Хвощовий М.
9 (RLIN) 24730
245 ## - Відомості про назву
Назва (НП) 50-ти річчя трагічного голоду в Україні
Дані про відповідальність (НП) М. Хвощовий
260 ## - Публікація, розповсюдження і т.п. (Вихідні дані)
Дата публікації, розповсюдження і т.п. (П) 1983
Місце публікації, розповсюдження і т.п. (П) Вінніпеґ
300 ## - Фізичний опис
Обсяг 15 с.
650 ## - Додаткове предметне введення – тематичний термін
Джерело заголовка чи терміна UDC
Тематичний термін чи географічна назва, як елемент введення (НП) 94(477) Історія України
9 (RLIN) 24731
942 ## - Додаткові елементи входу (Коха)
Тип елемента Koha Брошура
Source of classification or shelving scheme Universal Decimal Classification
955 ## - Код типу видання за змістом
Код типу видання за змістом (НП) інше
Фонди
Стан вилучень Стан втрат Джерело класифікації або схеми стелажів Стан уражень Не для кредиту Постійне місце розташування Поточне розміщення Дата придбання Джерело придбання Вартість, звичайна ціна покупки Інвентарний номер Усього замовленно Повний номер виклику Штрих-код Дата останнього перегляду Вартість, ціна заміни Ціна ефективна від Тип елемента Koha Примітка, призначена для загального доступу
    Universal Decimal Classification     Наукова бібліотека ІДУД Наукова бібліотека ІДУД 27/03/2026 №3/26.03.2026 (ІДУД) 1.00 300465   94(477).075 Х34 300465 27/03/2026 1.00 27/03/2026 Брошура Книгу отримано в дар від Романа Єринюка ; містить екслібріс у вигляді штампу "DR. & MRS. I. MAYBA"